Česká diplomatika do r. 1848

Bibliographic Details
Other Authors: Šebánek, Jindřich, 1900-1977 (Editor), Fiala, Zdeněk, 1922-1975 (Editor, Author of introduction, etc.), Hledíková, Zdeňka, 1938-2018 (Editor)
Format: Book
Language:Czech
PhysicalDescription:381 s. fotografie 30 cm
Published: Praha Státní pedagogické nakladatelství 1971
Edition:2. dopl. vyd.
Subjects:

MARC

LEADER 00000cam a2200000 a 4500
001 vtls008476121
003 SK-MaSNL
005 20260302074925.0
008 202510s1971 xr o frp 000 0 cze
015 |a SNBA1971 
040 |a SNK  |b slo  |c SNK  |e AACR2 
041 0 |a cze 
043 |a e-xr--- 
044 |a xr  |c CZ 
072 7 |a 930  |x Historická veda. Pomocné vedy historické. Archívnictvo  |2 konspekt 
080 |a 930.2:003.074  |2 2011 
080 |a (437.3)  |2 2011 
080 |a (075.8)  |2 2011 
245 0 0 |a Česká diplomatika do r. 1848  |c kolektiv autorů po redakcí: Jindřicha Šebánka ... [et al.] 
250 |a 2. dopl. vyd. 
260 |a Praha  |b Státní pedagogické nakladatelství  |c 1971 
300 |a 381 s.  |b fotografie  |c 30 cm 
366 |e 800 výtl. 
648 7 |a do r. 1848  |2 SNKPH  |9 528867 
650 0 7 |a diplomatika  |2 SNKPH  |9 57175 
650 0 7 |a Diplomatics  |2 SNKPHeng  |9 434529 
651 7 |a Česko  |2 SNKPHgeo  |9 16753 
651 7 |a Czech Republic  |2 SNKPHeng  |9 302790 
655 7 |a učebnice vysokých škôl  |2 SNKPH  |9 70191 
655 7 |a Textbooks (higher)  |2 SNKPHeng  |9 276436 
700 1 |a Šebánek, Jindřich,  |d 1900-1977  |4 edt  |9 121072 
700 1 |a Fiala, Zdeněk,  |d 1922-1975  |4 edt  |4 aui  |9 155076 
700 1 |a Hledíková, Zdeňka,  |d 1938-2018  |4 edt  |9 538954 
710 2 |a Universita Karlova (Praha, Česko)  |b Fakulta filosofická  |4 pbl  |9 384044 
852 |a Slovenská národná knižnica 
954 |a odborná, vedecká literatúra cudzojazyčná (svetová)  |2 lita 
958 |a OND 
958 |a CZ 
999 |c 1167084  |d 1169014 
952 |a SNK  |b SNK  |y VYP  |7 0  |p 17A0642971  |o snkIB 26322 D1  |i snkKIP 439/72  |0 0  |1 1  |4 0  |d 2010-02-16  |l 0  |r 2026-02-24 20:52:03  |w 2026-02-24